[Event "AUTO-OPEN-1333"]
[Site "http://www.queenalice.com/game.php?id=491676"]
[Date "2008.11.11"]
[Round "1"]
[White "andorei"]
[Black "reginaldox"]
[Result "0-1"]
[WhiteElo "1294"]
[BlackElo "1755"]

1. Nc3 d5 2. d4 e6 3. Nf3 Nc6 4. e3 Nf6 5. a4 Bd7 6. Ng5 Be7 7. Bd2 O-O 8. Qf3
h6 9. Nh3 Nb4 10. Qd1 c5 11. f3 a6 12. f4 cxd4 13. exd4 Re8 14. Be2 Rc8 15. Qc1
b5 0-1

[Event "AUTO-OPEN-1333"]
[Site "http://www.queenalice.com/game.php?id=491677"]
[Date "2008.11.11"]
[Round "1"]
[White "reginaldox"]
[Black "andorei"]
[Result "1-0"]
[WhiteElo "1757"]
[BlackElo "1292"]

1. b4 b5 2. Bb2 Na6 3. a3 c5 4. c3 d6 5. e3 c4 6. d3 d5 7. dxc4 bxc4 8. Nf3 Nf6
9. Be2 Ng4 10. O-O Qc7 11. h3 Nf6 12. Nbd2 e5 13. Qc2 Bd7 14. e4 Nxe4 15. Rfe1
1-0

[Event "AUTO-OPEN-1333"]
[Site "http://www.queenalice.com/game.php?id=491680"]
[Date "2008.11.11"]
[Round "1"]
[White "andorei"]
[Black "darth_antonius"]
[Result "0-1"]
[WhiteElo "1300"]
[BlackElo "1920"]

1. d4 Nf6 2. Nf3 d5 3. Nc3 e6 4. e3 Bb4 5. a3 Ba5 6. b4 Bb6 7. a4 a5 8. bxa5
Bxa5 9. Bd2 O-O 10. e4 dxe4 11. Nh4 Bxc3 12. Bxc3 c5 13. g4 Nd5 14. Bb2 Nf4 15.
Rg1 Qa5+ 0-1

[Event "AUTO-OPEN-1333"]
[Site "http://www.queenalice.com/game.php?id=491681"]
[Date "2008.11.11"]
[Round "1"]
[White "darth_antonius"]
[Black "andorei"]
[Result "1-0"]
[WhiteElo "1922"]
[BlackElo "1298"]

1. d4 d5 2. Nc3 Nf6 3. Bg5 Nh5 4. e3 f6 5. Qxh5+ Kd7 6. Bh4 g6 7. Qxd5+ Ke8 8.
Qxd8+ Kxd8 9. f4 c6 10. Be2 h5 11. O-O-O a5 12. d5 cxd5 13. Rxd5+ Ke8 14. Bb5+
Kf7 15. Nf3 Bh6 16. Rhd1 1-0

[Event "AUTO-INT-1100"]
[Site "http://www.queenalice.com/game.php?id=491845"]
[Date "2008.11.11"]
[Round "1"]
[White "callmitnick"]
[Black "andorei"]
[Result "1-0"]
[WhiteElo "1494"]
[BlackElo "1313"]

1. e4 e5 2. Nf3 Nc6 3. Bb5 a6 4. Bxc6 bxc6 5. Nc3 Nf6 6. d3 Bc5 7. O-O Ng4 8.
Bd2 h5 9. h3 Nf6 10. Nxe5 Rf8 11. Bg5 d6 12. Nxc6 Qd7 13. Bxf6 gxf6 14. Na5 Rh8
15. Nd5 1-0

[Event "AUTO-INT-1100"]
[Site "http://www.queenalice.com/game.php?id=491846"]
[Date "2008.11.11"]
[Round "1"]
[White "andorei"]
[Black "callmitnick"]
[Result "0-1"]
[WhiteElo "1304"]
[BlackElo "1503"]

1. d4 e6 2. Nf3 Nf6 3. e4 Nc6 4. Nc3 Bb4 5. a3 Ba5 6. b4 Bb6 7. Be3 O-O 8. a4 a6
9. Ng5 h6 10. Nf3 d6 11. a5 Ba7 12. b5 Nb8 13. bxa6 Nxa6 14. h4 Bd7 0-1

[Event "AUTO-INT-1100"]
[Site "http://www.queenalice.com/game.php?id=491859"]
[Date "2008.11.11"]
[Round "1"]
[White "andorei"]
[Black "carlitomontana93270"]
[Result "0-1"]
[WhiteElo "1342"]
[BlackElo "1524"]

1. d4 d5 2. Nf3 Bg4 3. h3 Bxf3 4. gxf3 Nc6 5. e3 Nf6 6. Nc3 e6 7. f4 Bb4 8. a3
Bxc3+ 9. bxc3 O-O 10. a4 Ne4 11. h4 Nxc3 12. Qd2 Ne4 13. Qe2 a6 14. f3 Nf6 15.
Bh3 Qd6 16. c3 Na5 17. Ba3 Qd7 18. Qc2 Nc4 19. Bb4 Nxe3 20. Qe2 Nc2+ 21. Qxc2
Rfe8 22. f5 exf5+ 23. Kf2 g6 24. Rhg1 b5 25. h5 Re6 26. hxg6 fxg6 27. Bf1 Rae8
28. axb5 axb5 29. Ra5 c6 30. Bd3 Qd8 31. Raa1 Nh5 32. Ba5 Qh4+ 33. Kf1 Re1+ 34.
Kg2 Qg3+ 35. Kh1 Qxf3+ 36. Qg2 Rxg1+ 37. Rxg1 Qxd3 38. Bb4 f4 39. Rf1 Ng3+ 40.
Qxg3 Qxg3 41. Ba5 Re2 42. c4 Qg2# 0-1

[Event "AUTO-INT-1100"]
[Site "http://www.queenalice.com/game.php?id=491860"]
[Date "2008.11.11"]
[Round "1"]
[White "carlitomontana93270"]
[Black "andorei"]
[Result "1-0"]
[WhiteElo "1520"]
[BlackElo "1353"]

1. e4 e5 2. Nf3 Nc6 3. Bb5 a6 4. Bxc6 dxc6 5. Nxe5 f6 6. Nf3 c5 7. O-O b5 8. d4
cxd4 9. Qxd4 Qxd4 10. Nxd4 g6 11. Bf4 Ra7 12. Nc6 Rb7 13. Na5 Rb6 14. Bxc7 Re6
15. Re1 Re7 16. Bd6 Rf7 17. Bxf8 Kxf8 18. Nc3 h5 19. Rad1 Bd7 20. e5 b4 21. e6
Bxe6 22. Rxe6 Kg7 23. Ne4 f5 24. Ng5 Rf8 25. Rd7+ Kh6 26. Nf7+ Rxf7 27. Rxf7 h4
28. Rf8 Kh5 29. f3 g5 30. Rxf5 Nh6 31. g4+ Nxg4 32. fxg4+ Kxg4 33. Rf7 h3 34.
Kf2 Kh4 35. Nc4 g4 36. Rf4 Rh5 37. Rg6 a5 38. Rgxg4# 1-0

[Event "AUTO-INT-1100"]
[Site "http://www.queenalice.com/game.php?id=491861"]
[Date "2008.11.11"]
[Round "1"]
[White "andorei"]
[Black "julio_falk"]
[Result "0-1"]
[WhiteElo "1329"]
[BlackElo "1209"]

1. d4 d5 2. Nf3 Qd6 3. Nc3 Nf6 4. e3 g6 5. Nb5 Qb4+ 6. c3 Qa5 7. b4 Qa6 8. Nxc7+
Kd8 9. Bxa6 Kxc7 10. Bb5 a6 11. Ba4 Bg4 12. h3 Bxf3 13. Qxf3 a5 14. a3 axb4 15.
axb4 Ne4 16. Qf4+ Kd8 17. Rf1 Nxc3 18. Bb3 Rxa1 19. Qe5 Rxc1+ 20. Kd2 Nc6 21.
Qxh8 Rxf1 22. Qxf8+ Kd7 23. Kxc3 Rxf2 24. Bxd5 e6 25. Bc4 h5 0-1

[Event "AUTO-INT-1100"]
[Site "http://www.queenalice.com/game.php?id=491862"]
[Date "2008.11.11"]
[Round "1"]
[White "julio_falk"]
[Black "andorei"]
[Result "1-0"]
[WhiteElo "1274"]
[BlackElo "1329"]

1. e4 e5 2. Nf3 Nc6 3. Bb5 a6 4. Ba4 b5 5. Bb3 Na5 6. a4 b4 7. Bd5 c6 8. Ba2 Nf6
9. Nxe5 d6 10. Bxf7+ Ke7 11. Nf3 Kxf7 12. Ng5+ Kg8 13. c3 c5 14. c4 Nxc4 15. b3
Nb6 16. d3 h6 17. Nf3 d5 18. e5 Ng4 19. h3 Nxe5 20. Nxe5 Qe8 21. Qe2 Bd6 22. f4
h5 23. a5 Nd7 24. Ra2 Bc7 25. O-O Nxe5 26. fxe5 Bxe5 27. Rc2 1-0